[Event "Arco op 45th"]
[Site "Arco"]
[Date "2023.10.11"]
[Round "5"]
[White "Fasiello, Andrea"]
[Black "Stanescu, Christian"]
[Result "1-0"]
[WhiteElo "1907"]
[BlackElo "2056"]
[PlyCount "49"]
[EventDate "2023.10.07"]
[EventType "swiss"]
[EventRounds "9"]
[EventCountry "ITA"]
[SourceTitle "Mega2024 Update 01"]
[Source "Chessbase"]
[SourceDate "2023.11.12"]
[SourceVersion "1"]
[SourceVersionDate "2023.11.12"]
[SourceQuality "1"]

1. e4 c5 2. Nf3 g6 3. d4 cxd4 4. Qxd4 Nf6 5. Nc3 Nc6 6. Qa4 d6 7. e5 dxe5 8. Nxe5 Bd7 9. Nxd7 Qxd7 10. Be3 Bg7 11. Rd1 Qf5 12. Be2 0-0 13. 0-0 a6 14. h3 b5 15. Qb3 Na5 16. Qb4 Nc4 17. Bd3 Qe6 18. Rfe1 Rfc8 19. Bc5 Qc6 20. Bxc4 Qxc5 21. Rd8+ Bf8 22. Qxc5 Rxc5 23. Rxa8 Rxc4 24. Rxa6 b4 25. Ra4 1-0

[Event "Montesilvano Adriatico op 5th"]
[Site "Montesilvano"]
[Date "2014.09.21"]
[Round "5"]
[White "Fasiello, Andrea"]
[Black "Di Benedetto, Edoardo"]
[Result "1/2-1/2"]
[WhiteElo "1983"]
[BlackElo "2140"]
[PlyCount "83"]
[EventDate "2014.09.19"]
[EventType "swiss"]
[EventRounds "5"]
[EventCountry "ITA"]
[SourceTitle "EXT 2016"]
[Source "ChessBase"]
[SourceDate "2015.10.08"]
[SourceVersion "1"]
[SourceVersionDate "2015.10.08"]
[SourceQuality "1"]

1. e4 e6 2. d4 d5 3. exd5 exd5 4. Bd3 Bd6 5. Ne2 Nf6 6. Bf4 0-0 7. 0-0 Re8 8. Bxd6 Qxd6 9. Qd2 Nbd7 10. Na3 c6 11. c3 Nf8 12. Qf4 Qxf4 13. Nxf4 Bd7 14. Rfe1 Rxe1+ 15. Rxe1 Re8 16. Rxe8 Nxe8 17. Nc2 Nd6 18. f3 Bf5 19. Bxf5 Nxf5 20. Kf2 f6 21. Ne3 Nd6 22. Nd3 Kf7 23. Ke2 Ne6 24. Kf2 Ke7 25. Kg3 Kf7 26. Kf2 Kg6 27. Kg3 Nc7 28. Nf4+ Kf7 29. Nd3 Na8 30. Kf2 Nb6 31. Nc5 Ke7 32. Ke2 Nd7 33. Nxd7 Kxd7 34. Kd2 Ke6 35. Ke2 h5 36. g3 g5 37. Kf2 Kf7 38. Ke2 Ke6 39. Kf2 a6 40. Ke2 Kf7 41. Kf2 Kg6 42. Ke2 1/2-1/2

[Event "Salento op 3rd"]
[Site "Gallipoli"]
[Date "2014.05.24"]
[Round "9"]
[White "Walton, Alan J"]
[Black "Fasiello, Andrea"]
[Result "1-0"]
[WhiteElo "2118"]
[BlackElo "1968"]
[PlyCount "102"]
[EventDate "2014.05.17"]
[EventType "swiss"]
[EventRounds "9"]
[EventCountry "ITA"]
[SourceTitle "CBM 160 Extra"]
[Source "ChessBase"]
[SourceDate "2014.07.01"]
[SourceVersion "1"]
[SourceVersionDate "2014.07.01"]
[SourceQuality "1"]

1. d4 d5 2. c4 e6 3. Nc3 Nf6 4. cxd5 exd5 5. Bg5 Be7 6. Qc2 c6 7. e3 Nbd7 8. Bd3 Nh5 9. Bxe7 Qxe7 10. 0-0-0 Nb6 11. h3 g6 12. Nf3 Be6 13. Kb1 0-0-0 14. Na4 Nxa4 15. Qxa4 Kb8 16. Rc1 Ng7 17. Rc3 Bf5 18. Rhc1 Bxd3+ 19. Rxd3 Rd6 20. Ra3 a6 21. Ne5 Rc8 22. Qb4 Re6 23. Qb6 c5 24. Qa5 cxd4 25. Rxc8+ Kxc8 26. exd4 f6 27. Rc3+ Kb8 28. Nd3 Rd6 29. a3 Ne6 30. Qb4 Rd7 31. Nc5 Nxc5 32. Qxc5 Qd8 33. Ka2 Rc7 34. Qa5 Rd7 35. Qb4 Re7 36. Rc5 Rc7 37. Qb3 Ka7 38. Qc3 Kb8 39. Qc1 g5 40. Qc2 Ka7 41. Qf5 Kb8 42. Rc3 h5 43. h4 gxh4 44. Qxh5 Rg7 45. Re3 Ka7 46. Qxh4 Rxg2 47. Rc3 Rg5 48. Qf4 Qb6 49. Rc8 Qb5 50. Qb8+ Kb6 51. Rc7 Ka5 1-0

[Event "Salento op 3rd"]
[Site "Gallipoli"]
[Date "2014.05.18"]
[Round "2"]
[White "Fasiello, Andrea"]
[Black "Nelson, Jonathan"]
[Result "1/2-1/2"]
[WhiteElo "1968"]
[BlackElo "2228"]
[PlyCount "21"]
[EventDate "2014.05.17"]
[EventType "swiss"]
[EventRounds "9"]
[EventCountry "ITA"]
[SourceTitle "CBM 160 Extra"]
[Source "ChessBase"]
[SourceDate "2014.07.01"]
[SourceVersion "1"]
[SourceVersionDate "2014.07.01"]
[SourceQuality "1"]

1. e4 e6 2. d4 d5 3. exd5 exd5 4. Bd3 Nc6 5. c3 Bd6 6. Ne2 Nge7 7. Bf4 0-0 8. 0-0 Bf5 9. Bxd6 Qxd6 10. Na3 Rae8 11. Ng3 1/2-1/2

[Event "Salento op 2nd"]
[Site "Gallipoli"]
[Date "2013.05.29"]
[Round "6"]
[White "Fasiello, Andrea"]
[Black "Wynarczyk, Raymond"]
[Result "1/2-1/2"]
[WhiteElo "1988"]
[BlackElo "1959"]
[PlyCount "148"]
[EventDate "2013.05.25"]
[EventType "swiss"]
[EventRounds "9"]
[EventCountry "ITA"]
[SourceTitle "EXT 2014"]
[Source "ChessBase"]
[SourceDate "2013.11.20"]
[SourceVersion "1"]
[SourceVersionDate "2013.11.20"]
[SourceQuality "1"]

1. d4 d5 2. c4 Nc6 3. Nc3 dxc4 4. Nf3 Bg4 5. d5 Bxf3 6. exf3 Ne5 7. Bf4 Nd3+ 8. Bxd3 cxd3 9. Qxd3 a6 10. 0-0 Nf6 11. Be5 e6 12. Bxf6 gxf6 13. Qe4 e5 14. f4 Bd6 15. fxe5 fxe5 16. f4 f6 17. fxe5 Bxe5 18. Rae1 0-0 19. Qf5 Qe7 20. Re4 Rae8 21. Rh4 Rf7 22. Rg4+ Rg7 23. Rxg7+ Kxg7 24. h4 Kh8 25. Kh1 Qg7 26. g4 Qg6 27. Kg2 Bxc3 28. Qxg6 hxg6 29. bxc3 Kg7 30. Kf3 b5 31. Rd1 Rd8 32. Rd4 Rd6 33. Kf4 c6 34. Ke4 a5 35. a3 Kf7 36. Rd3 Ke7 37. Rd1 Rd8 38. Rd2 Rd7 39. Rd3 Rd6 40. dxc6 Rxc6 41. Re3 Kd6 42. Kd3 Rc4 43. Re4 Rc8 44. h5 gxh5 45. gxh5 Rh8 46. Rh4 Ke5 47. h6 Rh7 48. Ke3 Kd5 49. Kd3 Ke5 50. Rh5+ f5 51. Ke3 Kf6 52. Kf4 Kg6 53. Rh1 Kf6 54. Rd1 Rc7 55. Rd6+ Kf7 56. Rd3 Kg6 57. Rh3 Rc4+ 58. Ke5 Re4+ 59. Kd5 Kh7 60. Kc5 Ra4 61. c4 Rxc4+ 62. Kxb5 Re4 63. Kxa5 f4 64. a4 Re5+ 65. Kb6 Rf5 66. a5 f3 67. Rh1 f2 68. Rf1 Kxh6 69. a6 Rf6+ 70. Kb5 Rf5+ 71. Kb6 Rf6+ 72. Kb7 Rf7+ 73. Kc8 Ra7 74. Rxf2 Rxa6 1/2-1/2

[Event "Salento op 2nd"]
[Site "Gallipoli"]
[Date "2013.05.27"]
[Round "4"]
[White "Fasiello, Andrea"]
[Black "Cammarota, Vittorio"]
[Result "1-0"]
[WhiteElo "1988"]
[BlackElo "1884"]
[PlyCount "73"]
[EventDate "2013.05.25"]
[EventType "swiss"]
[EventRounds "9"]
[EventCountry "ITA"]
[SourceTitle "EXT 2014"]
[Source "ChessBase"]
[SourceDate "2013.11.20"]
[SourceVersion "1"]
[SourceVersionDate "2013.11.20"]
[SourceQuality "1"]

1. e4 c6 2. d4 d5 3. exd5 cxd5 4. c3 Nf6 5. Bf4 Nc6 6. Nf3 e6 7. Bd3 Bd6 8. Bxd6 Qxd6 9. Nbd2 0-0 10. 0-0 Re8 11. Re1 a6 12. Ne5 b5 13. a3 Bb7 14. f4 Ne7 15. g4 Ng6 16. Qf3 Nd7 17. Qg3 Ndf8 18. Rf1 Rad8 19. Rae1 f6 20. Nxg6 hxg6 21. g5 f5 22. Nf3 Nd7 23. Re3 Bc8 24. Rfe1 Kf7 25. Nh4 Nf8 26. Be2 Qb6 27. Nf3 Nd7 28. Bd1 a5 29. h4 b4 30. Ba4 Re7 31. Bxd7 Bxd7 32. Ne5+ Ke8 33. Nxg6 Rf7 34. Ne5 Re7 35. Qf3 bxc3 36. Qh5+ Kf8 37. Qh8# 1-0

[Event "ITA-chTB 43rd"]
[Site "Sant'Anastasia"]
[Date "2011.03.25"]
[Round "1"]
[White "Fasiello, Andrea"]
[Black "Corvi, Marco"]
[Result "0-1"]
[WhiteElo "1944"]
[BlackElo "2268"]
[PlyCount "60"]
[EventDate "2011.03.25"]
[EventType "swiss"]
[EventRounds "7"]
[EventCountry "ITA"]
[SourceTitle "EXT 2014"]
[Source "ChessBase"]
[SourceDate "2013.11.20"]
[SourceVersion "1"]
[SourceVersionDate "2013.11.20"]
[SourceQuality "1"]

1. e4 Nf6 2. Nc3 d6 3. d4 g6 4. Nf3 Bg7 5. Be2 0-0 6. 0-0 c6 7. a4 a5 8. h3 Qc7 9. Be3 Na6 10. Nd2 Nb4 11. Na2 Nxa2 12. Rxa2 b6 13. Ra1 Bd7 14. c4 c5 15. d5 Ne8 16. Ra2 e5 17. f4 f5 18. b3 Nf6 19. Bd3 exf4 20. Bxf4 Nh5 21. Bh2 f4 22. Be2 Ng3 23. Bxg3 fxg3 24. Nf3 Rae8 25. Bd3 Bh6 26. Re2 Bc8 27. Nd2 Qg7 28. Rxf8+ Rxf8 29. Bc2 Qd4+ 30. Kh1 Bxd2 0-1

[Event "Sant' Anna op 10th"]
[Site "Pisignano di Vernole"]
[Date "2007.08.10"]
[Round "5"]
[White "Fasiello, Andrea"]
[Black "Rizzo, Giovanbattista"]
[Result "0-1"]
[WhiteElo "1906"]
[BlackElo "2112"]
[PlyCount "52"]
[EventDate "2007.08.07"]
[EventType "swiss"]
[EventRounds "7"]
[EventCountry "ITA"]
[SourceTitle "EXT 2009"]
[Source "ChessBase"]
[SourceDate "2008.11.26"]
[SourceVersion "1"]
[SourceVersionDate "2008.11.26"]
[SourceQuality "1"]

1. e4 Nf6 2. Nc3 d6 3. d4 g6 4. Nf3 Bg7 5. Bd3 Bg4 6. h3 Bxf3 7. Qxf3 Nc6 8. Be3 0-0 9. 0-0 Nd7 10. Ne2 e5 11. c3 exd4 12. cxd4 Nde5 13. dxe5 Nxe5 14. Qg3 Nxd3 15. Bg5 f6 16. Qxd3 fxg5 17. Qd5+ Kh8 18. Qxb7 g4 19. hxg4 Rb8 20. Qxa7 Rxb2 21. Qe3 Qh4 22. g5 Be5 23. g3 Qg4 24. f3 Rxe2 25. Qxe2 Bd4+ 26. Rf2 Qxg3+ 0-1

[Event "Sant' Anna op 10th"]
[Site "Pisignano di Vernole"]
[Date "2007.08.09"]
[Round "4"]
[White "Pace, Colin"]
[Black "Fasiello, Andrea"]
[Result "1-0"]
[WhiteElo "2153"]
[BlackElo "1906"]
[PlyCount "61"]
[EventDate "2007.08.07"]
[EventType "swiss"]
[EventRounds "7"]
[EventCountry "ITA"]
[SourceTitle "EXT 2009"]
[Source "ChessBase"]
[SourceDate "2008.11.26"]
[SourceVersion "1"]
[SourceVersionDate "2008.11.26"]
[SourceQuality "1"]

1. e4 e5 2. Nf3 Nc6 3. Bc4 Bc5 4. c3 Nf6 5. d3 d6 6. Nbd2 0-0 7. h3 h6 8. Bb3 Qe7 9. Nf1 Kh7 10. Ng3 a5 11. 0-0 g6 12. Re1 Kg7 13. d4 Ba7 14. Be3 Nb8 15. c4 b6 16. Qd2 Rh8 17. Ba4 Bb7 18. Rad1 Na6 19. Qc3 exd4 20. Bxd4 c5 21. Bxf6+ Qxf6 22. Qxf6+ Kxf6 23. Rxd6+ Kg7 24. Red1 Rhc8 25. Rd7 Bc6 26. Bxc6 Rxc6 27. Rxf7+ Kxf7 28. Ne5+ Kf6 29. Nxc6 Bb8 30. Rd8 Kf7 31. Ne2 1-0